000 01064nam a2200289 a 4500
001 000015726
005 20200929164130.0
008 100217s1985 dr 000 0 spa d
040 _aDO-SdBNP
_bspa
_cBNPHU
082 _a338.97293
_bA612e
245 0 0 _aAnálisis de la economía dominicana /
_cCarlos Mossad ... [et al.] ; prólogo Hugo Guiliani Cury.
260 _aSanto Domingo :
_bBanco Central de la República Dominicana,
_c1985.
300 _a73 p. ;
_c28 cm.
590 _aInventariado, 2018/ YL
546 _aTexto en inglés y español
590 _aInventariado, 2018/ YL
650 4 _aPolitica monetaria
_zRepública Dominicana
_95998
651 4 _aRepública Dominicana
_xCondiciones Económicas
_9281
651 4 _aRepública Dominicana
_xPolitica Económica
_9643
700 1 2 _aMassad, Carlos
_935390
700 1 2 _aWilliamson, John
_935391
700 1 2 _aKillick, Tony
_935392
700 1 2 _aThomas, Roger
_935393
700 1 2 _aKlein, Linda
_935394
700 1 2 _aGuiliani Cury, Hugo,
_epról.
_96465
910 _aValidado. Control de calidad MFF
999 _c15276
_d15276